书目信息 |
| 题名: |
道路出入口管理手册
|
|
| 作者: | ;杨孝宽 翻译 ;美国交通运输研究委员会出入口管理分会 编著 | |
| 分册: | ||
| 出版信息: | 北京 中国建筑工业出版社 2009.09 |
|
| 页数: | 374页 | |
| 开本: | 29cm | |
| 丛书名: | ||
| 单 册: | ||
| 中图分类: | TU984.191 | |
| 科图分类: | ||
| 主题词: | 城市道路--cheng shi dao lu--交通运输管理--手册--中国 | |
| 电子资源: | ||
| ISBN: | 978-7-112-10939-5 | |
| 000 | 01162nam0 2200265 450 | |
| 001 | 2435293177 | |
| 005 | 20240506095035.11 | |
| 010 | @a978-7-112-10939-5@dCNY60.00 | |
| 100 | @a20100515d2009 km y0chiy0121 eb | |
| 101 | 1 | @achi@ceng |
| 102 | @aCN@b110000 | |
| 105 | @aa a 000yy | |
| 200 | 1 | @a道路出入口管理手册@Adao lu chu ru kou guan li shou ce@d= Access Management Manual@f美国交通运输研究委员会出入口管理分会编著@g杨孝宽翻译@zeng |
| 210 | @a北京@c中国建筑工业出版社@d2009.09 | |
| 215 | @a374页@c图@d29cm | |
| 320 | @a有书目 (第367-373页) | |
| 330 | @a本书就道路出入口管理这个专题展开了广泛而深入的研究。从安全、运营、经济、土地使用和环境的视角系统分析了交叉口间距、接入道设计以及中央分隔带的布置和开口形式。 | |
| 500 | 10 | @aAccess Management Manual@mChinese |
| 510 | 1 | @a=Access management manual |
| 606 | 0 | @a城市道路@Acheng shi dao lu@x交通运输管理@j手册@y中国 |
| 690 | @aTU984.191@v4 | |
| 702 | 0 | @a杨孝宽@Ayang xiao kuan@4翻译 |
| 711 | 02 | @a美国交通运输研究委员会出入口管理分会@Amei guo jiao tong yun shu yan jiu wei yuan hui chu ru kou guan li fen hui@4编著 |
| 801 | 0 | @aCN@b河南城建学院图书馆@c20100515 |
| 905 | @dTU984.191@eM535@f3 | |
| 道路出入口管理手册= Access Management Manual/美国交通运输研究委员会出入口管理分会编著/杨孝宽翻译.-北京:中国建筑工业出版社,2009.09 |
| 374页:图;29cm |
| ISBN 978-7-112-10939-5:CNY60.00 |
| 本书就道路出入口管理这个专题展开了广泛而深入的研究。从安全、运营、经济、土地使用和环境的视角系统分析了交叉口间距、接入道设计以及中央分隔带的布置和开口形式。 |
| ● |
| 相关链接 |
|
|
|
正题名:道路出入口管理手册
索取号:TU984.191/M535
 
预约/预借
| 序号 | 登录号 | 条形码 | 馆藏地/架位号 | 状态 | 备注 |
| 1 | 1519097 | 215190978 | 建筑库201/201建筑库 94排1列5层/ [索取号:TU984.191/M535] | 在馆 | |
| 2 | 1519098 | 215190987 | 建筑库201/201建筑库 94排1列5层/ [索取号:TU984.191/M535] | 在馆 | |
| 3 | 1519099 | 215190996 | 建筑库201/201建筑库 94排1列5层/ [索取号:TU984.191/M535] | 在馆 | |
| 4 | 1519100 | 215191003 | 建筑库201/201建筑库 94排1列5层/ [索取号:TU984.191/M535] | 在馆 | |
| 5 | 1519101 | 215191012 | 建筑库201/201建筑库 94排1列5层/ [索取号:TU984.191/M535] | 在馆 | |
| 6 | 1519102 | 215191021 | 建筑库201/201建筑库 94排1列5层/ [索取号:TU984.191/M535] | 在馆 |